|
|
|
|
| LEADER |
00000nam0a2200000 4500 |
| 001 |
169568 |
| 005 |
20231031163453.0 |
| 010 |
|
|
|a 5648000146
|
| 035 |
|
|
|a (RuTPU)RU\TPU\book\183929
|
| 090 |
|
|
|a 169568
|
| 100 |
|
|
|a 20091114d1988 k y0rusy50 ca
|
| 101 |
0 |
|
|a rus
|
| 102 |
|
|
|a UZ
|
| 105 |
|
|
|a a z 001zy
|
| 200 |
1 |
|
|a Системы цифровой обработки изображений
|f С. С. Садыков, Г. Х. Кадырова, Ш. Р. Азимов
|g Академия наук Узбекской ССР, Узбекское научно-производственное объединение "Кибернетика"
|
| 210 |
|
|
|a Ташкент
|c Фан
|d 1988
|
| 215 |
|
|
|a 168 с.
|c ил.
|
| 320 |
|
|
|a Библиогр.: с. 157-167.
|
| 610 |
1 |
|
|a программные средства
|
| 610 |
1 |
|
|a информационное обеспечение
|
| 610 |
1 |
|
|a прикладные задачи
|
| 610 |
1 |
|
|a цифровая обработка
|
| 610 |
1 |
|
|a технические средства
|
| 610 |
1 |
|
|a изображение
|
| 675 |
|
|
|a 621.397:681.3.01
|v 3
|
| 700 |
|
1 |
|a Садыков
|b С. С.
|g Султан Сидыкович
|
| 701 |
|
1 |
|a Кадырова
|b Г. Х.
|g Гузель Ходжитдиновна
|
| 701 |
|
1 |
|a Азимов
|b Ш. Р.
|g Шавкат Рашидович
|
| 712 |
0 |
2 |
|a Академия наук Узбекской ССР
|b Узбекское научно-производственное объединение "Кибернетика"
|2 stltpush
|3 (RuTPU)RU\TPU\col\15706
|
| 801 |
|
1 |
|a RU
|b 63413507
|c 20091114
|
| 801 |
|
2 |
|a RU
|b 63413507
|c 20190130
|g RCR
|
| 942 |
|
|
|c BK
|